00504 a2200169 450000100060000002000150000604000220002110000280004324000450007124500400011630000080015636200090016465000260017394200070019995201110020699900170031760433 a8531207584 cAnchieta - Pituba aBarreto, Luiz Antônio10aHistória da literatura brasileiralpor10aHistória da literatura brasileira a5960 a2001 4aLiteratura brasileira cBK 00104070a91.1b91.1d2023-11-21l0o869.9 R763h ROM HISp12147/PITr2023-11-21 18:28:33w2023-11-21yBK c60433d60433